The Boys Episode Titles - Statistics

General Stats
  • This quiz has been taken 29 times
    25 since last reset
  • The average score is 13 of 32
Answer Stats
Season Episode Title % Correct
6 Herogasm
75%
2 Cherry
69%
8 Season Four Finale
56%
7 Butcher, Baker, Candlestick Maker
50%
3 Get Some
50%
Season 3 1 Payback
50%
Season 1 1 The Name of the Game
50%
4 Glorious Five Year Plan
44%
7 Here Comes a Candle to Light You to Bed
44%
Season 2 1 The Big Ride
44%
4 The Female of the Species
44%
7 The Insider
44%
2 The Only Man in the Sky
44%
3 Barbary Coast
38%
Season 4 1 Department of Dirty Tricks
38%
2 Life Among the Septics
38%
3 Over the Hill with the Swords of a Thousand Men
38%
6 The Bloody Doors Off
38%
6 The Innocents
38%
8 The Instant White-Hot Wild
38%
5 We Gotta Go Now
38%
8 What I Know
38%
8 You Found Me
38%
6 Dirty Business
31%
2 Proper Preparation and Planning
31%
4 Wisdom of the Ages
31%
5 Beware the Jabberwock, My Son
25%
5 Good for the Soul
25%
4 Nothing Like It in the World
25%
5 The Last Time to Look on This World of Lies
25%
7 The Self-Preservation Society
25%
3 We'll Keep the Red Flag Flying Here
19%
No matching quizzes found
Score Distribution
Percent of People with Each Score
Percentile by Number Answered
Your Score History
You have not taken this quiz since the last reset